| 000 | 01234nam a2200229Ia 4500 | ||
|---|---|---|---|
| 001 | L200-55597 | ||
| 003 | IT-CnALBA | ||
| 008 | 170116s9999||||xx |||||||||||||| ||und|| | ||
| 040 |
_aIT-CnALBA _cIT-CnALBA |
||
| 041 | _aITALIANO | ||
| 100 | _aGALEONE FRANCO | ||
| 245 | 0 | _aRINASCITA SPIRITUALE. L'ARCANGELO GABRIELE DISSE: "SCRIVI OLGA...". | |
| 250 | _a1a ed. | ||
| 260 |
_a UDINE _bSEGNO, EDIZIONI _c2001 [1° Ed.:2001 - Ed.Ling.Originale: 2001] |
||
| 300 | _a160 p. | ||
| 500 | _aRINASCITA SPIRITUALE. IL DONO. RIFLESSIONI. OLGA. COMMENTI SPIRITUALI. EPILOGO. PREGHIERA. ALLELUIA. GLORIA A DIO. L'OMELIA SUL TESTO. LA CONTINUITÀ DELLA VITA È VOLUTA DALL'ALTO. ACCETTO TUTTO NEL NOME DEL SIGNORE. L'IMPULSO A DONARE PORTA L'UOMO AD UNA | ||
| 501 | _aSocietà San Paolo EM - Piazza San Paolo, 14 - 12051 ALBA (CN) (non commercial uses only) ® Copyright 2017 | ||
| 520 | _aRINASCITA SPIRITUALE. IL DONO. RIFLESSIONI. OLGA. COMMENTI SPIRITUALI. EPILOGO. PREGHIERA. ALLELUIA. GLORIA A DIO. L'OMELIA SUL TESTO. LA CONTINUITÀ DELLA VITA È VOLUTA DALL'ALTO. ACCETTO TUTTO NEL NOME DEL SIGNORE. L'IMPULSO A DONARE PORTA L'UOMO AD UNA | ||
| 650 | _aRELIGIONE - RELIGIONE CRISTIANA | ||
| 942 | _cBK | ||
| 957 | _71 | ||
| 999 |
_a73097 _bNO _g Copie: 1 _c314448 _d314448 |
||